NLSUI OPAC header image

Commentaries on the customs act, 1962 Vol.I (Record no. 30606)

MARC details
000 -LEADER
fixed length control field 01842nam a2200229Ia 4500
003 - CONTROL NUMBER IDENTIFIER
control field OSt
005 - DATE AND TIME OF LATEST TRANSACTION
control field 20220101194506.0
008 - FIXED-LENGTH DATA ELEMENTS--GENERAL INFORMATION
fixed length control field 160316s2012 xxu||||| |||| 00| 0 eng d
020 ## - INTERNATIONAL STANDARD BOOK NUMBER
International Standard Book Number 9789381308295
040 ## - CATALOGING SOURCE
Transcribing agency NLS
082 ## - DEWEY DECIMAL CLASSIFICATION NUMBER
Classification number 343.056 MUK-I
100 ## - MAIN ENTRY--PERSONAL NAME
Personal name Mukerjee T P
245 ## - TITLE STATEMENT
Title Commentaries on the customs act, 1962 Vol.I
250 ## - EDITION STATEMENT
Edition statement 12th
260 ## - PUBLICATION, DISTRIBUTION, ETC.
Place of publication, distribution, etc. Delhi
Name of publisher, distributor, etc. Delhi Law House
Date of publication, distribution, etc. 2012
300 ## - PHYSICAL DESCRIPTION
Extent 1548p
Dimensions xxiii
365 ## - TRADE PRICE
Price amount Rs.4,195 Vols
505 ## - FORMATTED CONTENTS NOTE
Formatted contents note Contents:<br/>Chapter I-Preliminary;<br/>Chapter II-Officers of customs;<br/>Chapter III-Appointment of customs ports, airports, warehousing stations, etc.;<br/>Chapter IV-Prohibitions on importation and exportation of goods;<br/>Chapter IV-A-Detection of illegally imported goods and prevention of the disposal thereof;<br/>Chapter IV-B-Prevention of detection of illegal export of goods;<br/>Chapter IV-C-Power to excempt from the provisions of chapters IV-A and IV-B:<br/>Chapter V-Levy of, and exemption from, customs duties;<br/>Chapter V-A-Indicating amount of duty in the price of goods, etc., for purpose of refund;<br/>Chapter V-B-Advance rulings;<br/>Chapter VI-Provisions relating to conveyances carrying imported or exported goods;<br/>Chapter VII-Clearance of imported goods and export goods;<br/>Chapter VIII-Goods in transit;<br/>Chapter IX-Warehousing;<br/>Chapter X-Drawback;<br/>Chapter X-A-Special provisions relating to special economic zone;<br/>Chapter XI-Special provisions regarding baggage, goods imported or exported by post and stores;<br/>Chapter XII-Provisions relating to coastal goods and vessels carrying coastal goods;<br/>Chapter XIII-Searches, seizure and arrest;<br/>Chapter XIV-Confiscation of goods and conveyances and imposition of penalties;<br/>Chapter XIV-A-Settlement of cases;<br/>Chapter XV-Appeals;<br/>Index.
650 ## - SUBJECT ADDED ENTRY--TOPICAL TERM
Topical term or geographic name entry element 1.Customs Act - Commentary
700 ## - ADDED ENTRY--PERSONAL NAME
Personal name
--
942 ## - ADDED ENTRY ELEMENTS (KOHA)
Source of classification or shelving scheme Dewey Decimal Classification
Koha item type BOOKs
Holdings
Withdrawn status Lost status Damaged status Not for loan Home library Current library Shelving location Date acquired Cost, normal purchase price Total Checkouts Full call number Barcode Date last seen Price effective from Koha item type Public note
        . .   30.05.2017 4195.00   343.056 MUK-I 27933 30.05.2017 30.05.2017 BOOKs Price for the entire Set of Volumes